000 01044pam a2200265 a 4500
999 _c17216
_d17216
008 931015s1994 nyua b 001 0 eng
010 _a 93040799
020 _a0807733318 (acidfree paper)
020 _a9780807733318
050 0 0 _aLB1032 .C56 1994
100 1 _aCohen, Elizabeth G.,
245 1 0 _aDesigning groupwork :
_bstrategies for the heterogeneous classroom /
_cElizabeth G. Cohen ; foreword by John I. Goodlad.
250 _a2nd ed.
260 _aNew York :
_bTeachers College, Columbia University,
_cc1994.
300 _axviii, 203 p. :
_bill. ;
_c23 cm.
504 _aIncludes bibliographical references (p. 189-195) and index.
650 0 _aGroup work in education.
650 0 _aInteraction analysis in education.
942 _2lcc
_cBOOKS
_hLB1032 .C56 1994